Country Music Artists - Statistics

General Stats
  • This quiz has been taken 1,562 times
  • The average score is 38 of 129
Answer Stats
Hint Answer % Correct
I walk the line, Ring of fire Johnny Cash
82%
Mine Would be You, Honey Bee Blake Shelton
77%
Before he cheats; Jesus take the wheel Carrie Underwood
74%
Springsteen; Creepin' Eric Church
72%
The thunder rolls; The dance Garth Brooks
71%
Check yes or no; Write this down George Strait
67%
Who's your daddy?; As good as I once was Toby Keith
67%
It's 5 o'clock somewhere (duet); Small town southern man Alan Jackson
66%
Waterloo; I washed my hands in muddy water Stonewall Jackson
66%
Big bad John; I.O.U. Jimmy Dean
63%
Live like you were dying; When the stars go blue Tim McGraw
63%
Mama's Broken Heart, Fastest Girl in Town Miranda Lambert
60%
Drunk on you; Kiss tomorrow goodbye Luke Bryan
59%
Beer in Mexico; Somewhere with you Kenny Chesney
58%
I will always love you; Coat of many colours Dolly Parton
57%
Whose bed have your boots been under?; Man! I feel like a woman Shania Twain
57%
She's country; Take a little ride Jason Aldean
56%
Cruise; Round here Florida Georgia Line
54%
Your cheatin' heart; I'm so lonesome I could cry Hank Williams
54%
It won't be like this for long; Wagon wheel Darius Rucker
53%
Three wooden crosses; Forever and ever, Amen Randy Travis
51%
Always on my mind; Nightlife Willie Nelson
51%
Ain't nothing 'bout you; Boot scootin' boogie Brooks & Dunn
50%
Achy breaky heart; Could've been me Billy Ray Cyrus
49%
Cleaning this gun (come on in boy); Watching you Rodney Atkins
48%
You're gonna miss this; Ladies love country boys Trace Adkins
48%
Breathe; This kiss Faith Hill
47%
Alone with you; Barefoot blue jean night Jake Owen
47%
Days go by; Long hot summer Keith Urban
47%
Coal miner's daughter; Fist city Loretta Lynn
47%
If I die young; Better dig two The Band Perry
47%
Lukenbach, Texas; Mamas don't let your babies grow up to be cowboys Waylon Jennings
47%
White Lightning; He stopped loving her today George Jones
45%
Ready to run; Goodbye Earl Dixie Chicks
44%
The Gambler; Lady Kenny Rogers
44%
The devil went down to Georgia; Uneasy rider Charlie Daniels
43%
We owned the night; I run to you Lady Antebellum
43%
Pontoon; Tornado Little Big Town
43%
Margaritaville; Cheeseburger in paradise Jimmy Buffett
42%
Let Me Down Easy, People are Crazy Billy Currington
41%
Knee deep; Colder weather Zac Brown Band
41%
You; Aw naw Chris Young
40%
Live fast, love hard, die young; Wine me up Faron Young
40%
Okie from Muskogee; Mama tried Merle Haggard
40%
Southern comfort zone; Online Braid Paisley
39%
Behind closed doors; The most beautiful girl Charlie Rich
39%
Redneck woman; I'm here for the party Gretchen Wilson
38%
Amazed; My front porch looking in Lonestar
37%
Fast cars and freedom; Me and my gang Rascal Flatts
37%
Stand by your man; D-I-V-O-R-C-E Tammy Wynette
36%
What was I thinkin'; Sideways Dierks Bentley
35%
This one's for the girls; Concrete angel Martina McBride
35%
All my rowdy friends are coming over tonight; Family tradition Hank Williams, Jr.
34%
I want crazy; Wanted Hunter Hayes
34%
Something 'bout a truck; beer money Kip Moore
33%
Save a horse (Ride a cowboy); That's why I pray Big & Rich
32%
Why don't we just dance; Time is love Josh Turner
32%
Crazy; I fall to pieces Patsy Cline
32%
It's a great day to be alive; Foolish Pride Travis Tritt
32%
Rhinestone cowboy; By the time I get to Phoenix Glen Campbell
31%
She's in love with the boy; Walkaway Joe Trisha Yearwood
31%
A woman like you; Hard to love Lee Brice
30%
Somebody should leave; Turn on the radio Reba McEntire
30%
Backseat of a greyhound bus; Suds in the bucket Sara Evans
28%
My town; Where I come from Montgomery Gentry
27%
You don't know her like I do; Bottoms up Brantley Gilbert
25%
Tight fittin' jeans; I don't know a thing about love (the moon song) Conway Twitty
25%
Merry go round; Blowin' smoke Kacey Musgraves
24%
It goes like this; Something to do with my hands Thomas Rhett
24%
Kiss an angel good mornin'; Mississippi cotton picking delta town Charley Pride
23%
Lesson in leaving;;; Heads Carolina, tails California Jo Dee Messina
23%
Go rest high on that mountain; Whenever you come around Vince Gill
23%
Pickup man; Third rock from the sun Joe Diffie
22%
Runnin' out of moonlight; How country feels Randy Houser
22%
Even if it breaks your heart; Drunk last night Eli Young Band
21%
How do I live?; I need you LeAnn Rimes
21%
I hope you dance; Something worth leaving behind Lee Ann Womack
21%
Are you gonna kiss me or not?; I got you Thompson Square
20%
Find out who your friends are; Time marches on Tracy Lawrence
20%
Baby girl; Want to Sugarland
19%
My heart has a history; Didn't even see the dust Paul Brandt
18%
Still; I get the fever Bill Anderson
17%
Rose Garden; If I kiss you (will you go away) Lynn Anderson
17%
El Paso; Devil woman Marty Robbins
17%
All over the road; Lovin' you is fun Easton Corbin
16%
When you say nothing at all; Baby now that I've found you Alison Krauss
15%
Hell on heels; Takin' pills Pistol Annies
15%
King of the road; Dang me Roger Miller
15%
Smoky mountain rain; It was almost like a song Ronnie Milsap
15%
Beautiful mess; I believe Diamond Rio
13%
Why ya wanna; whiskey Jana Kramer
13%
For the good times; Me and Bobby McGee Kris Kristofferson
12%
What's your mama's name?; Lizzie and the Rainman Tanya Tucker
12%
Sixteen tons; The shotgun boogie Tennessee Ernie Ford
12%
No fear; Girls lie too Terri Clark
12%
Tippin' Point; If it gets you where you wanna go Dallas Smith
11%
It wasn't God who made honky tonk angels; Heartbreak USA Kitty Wells
11%
Act naturally; Under your spell again Buck Owens
10%
Chicks dig it; What a beautiful day Chris Cagle
10%
Complicated; I don't want you to go Carolyn Dawn Johnson
9%
Harper Valley PTA; The girl most likely Jeannie C. Riley
9%
T for Texas; Waiting for a train Jimmie Rodgers
9%
Battle of New Orleans; Ole slew foot Johnny Horton
9%
Workin' man's PhD; People like us Aaron Tippin
8%
For the good times; You're the best thing that ever happened to me Ray Price
8%
Wabash cannonball; Night train to Memphis Roy Acuff
8%
Blue moon of Kentucky; In the pines Bill Monroe
7%
Two more bottles of wine; If only I could win your love Emmylou Harris
7%
Walking the floor over you; Slippin' around Ernest Tubb
7%
He'll have to go; Billy Bayou Jim Reeves
7%
Keep on the sunny side; Wildwood flower The Carter Family
7%
Single white female; Shut up and drive Chely Wright
6%
Cattle call; Make the world go away Eddy Arnold
6%
Take it like a man; He would be sixteen Michelle Wright
6%
Bubbles in my beer; Miles and miles of Texas Bob Wills
5%
The end of the world; I can't believe that it's all over Skeeter Davis
5%
Canadian Girls; Bob Marley Dean Brody
4%
Fishin' in the dark; I should be sleeping Emerson Drive
4%
I will...but; Little good-byes SHeDAISY
3%
Hold my beer; Lucky for me Aaron Pritchett
2%
Oh lonesome me; I can't stop loving you Don Gibson
2%
Love me or leave me; Listen Chad Brownlee
1%
Rocket girl; Driving with the brakes on Doc Walker
1%
Sin City; Christine's Tune (devil in disguise) Flying Burrito Brothers
1%
A little more work; Love me like that Kira Isabella
1%
When you come around; Take the week off Deric Ruttan
0%
Fall like that; Maybe One More Girl
0%
Three hearts in a tangle; Yes, Mr. Peters Roy Drusky
0%
Pickup Truck; Sedona Arizona Shane Yellowbird
0%
No matching quizzes found
Score Distribution
Percent of People with Each Score
Percentile by Number Answered
Your Score History
You have not taken this quiz